Konfliktmanagement <ein> Handbuch zur Diagnose und Behandlung von Konflikten für Organisationen und ihre Berater
Saved in:
| Main Author: | |
|---|---|
| Format: | Book |
| Language: | German |
| Published: |
Bern
Haupt
1994
|
| Edition: | 4. unveränd. Aufl. |
| Series: | Organisationsentwicklung in der Praxis
Bd. 2 |
| Subjects: | |
| Tags: |
No Tags, Be the first to tag this record!
|
MARC
| LEADER | 00000nam a2200000 4500 | ||
|---|---|---|---|
| 001 | c016778 | ||
| 005 | 20221205140719.0 | ||
| 020 | |a 3-258-04898-3 | ||
| 041 | 0 | |a ger | |
| 044 | |a CH | ||
| 245 | 1 | 0 | |a Konfliktmanagement |b <ein> Handbuch zur Diagnose und Behandlung von Konflikten für Organisationen und ihre Berater |c Friedrich Glasl |
| 250 | |a 4. unveränd. Aufl. | ||
| 264 | 1 | |a Bern |b Haupt |c 1994 | |
| 300 | |a 464 s. | ||
| 490 | 1 | |a Organisationsentwicklung in der Praxis |v Bd. 2 | |
| 830 | 0 | |a Organisationsentwicklung in der Praxis |v Bd. 2 | |
| 610 | 2 | 0 | |a konflikty |
| 610 | 2 | 0 | |a manažment |
| 610 | 2 | 0 | |a organizácie |
| 610 | 2 | 0 | |a diagnostikácia |
| 610 | 2 | 0 | |a modely |
| 610 | 2 | 0 | |a procesy sociálne |
| 610 | 2 | 0 | |a intervencie |
| 100 | 1 | |a Glasl, Friedrich | |